000 00812nam a22002417a 4500
001 8883
003 FISKH
005 20251210151726.0
008 251028b cb ||||| |||| 00| 0 eng d
020 _a9780531163979
040 _aFISKH
_beng
_cFISKH
_dFISKH
050 _aGN799.H84 M35
082 _a306.364
100 _aMalam, John
245 _aYou wouldn't want to be a Mammoth hunter!:
_bDangerous Beasts you'd rather not encounter/
_cWritten by John Malam ; Illustrated by David Antram
260 _aNew York :
_bScholastic,
_c2004.
300 _a32 pages : color illustrations ; 24 cm
520 _aDescribes the hazards of human life during the ice age.
650 _aCave painting
_vPicture Books
_xOther Animals
700 _aAntram, David
_eillustrator
942 _2ddc
_cBK
_n0
999 _c8883
_d8883